| 000 | 00877aam a2200313 4500 | ||
|---|---|---|---|
| 005 | 20250926113829.0 | ||
| 008 | 150303b2012 xxu||||| |||| 00| 0 ES d | ||
| 020 | _a9788490047569 | ||
| 041 | _aESP | ||
| 082 | _a363.25 C639i | ||
| 100 | _aCliment Dúran, Carlos | ||
| 100 | _aGarridos Genoves, Vicente | ||
| 100 | _aGuardiola García, Javier | ||
| 245 | _aEl informe criminológico forense: teoría y práctica | ||
| 260 | _aEspaña | ||
| 260 | _bTirant Lo Blanch | ||
| 260 | _c2012 | ||
| 300 | _a195 páginas | ||
| 490 | _aInvestigación Criminal | ||
| 650 | _aCRIMINALISTICA | ||
| 650 | _aCRIMINOLOGÍA | ||
| 650 | _aINFORME CRIMINOLÓGICO | ||
| 650 | _aPROCESOS PENALES | ||
| 650 | _aANÁLISIS DE DELITOS SEXUALES | ||
| 650 | _aINVESTIGACIÓN CRIMINAL | ||
| 650 | _aINFORME PERICIAL | ||
| 650 | _aDISEÑO DE UNA INVESTIGACIÓN | ||
| 942 |
_cBK _2ddc |
||
| 999 |
_c3570 _d3570 |
||